Most common female names starting with S - Statistics

General Stats
  • This quiz has been taken 387 times
  • The average score is 32 of 100
Answer Stats
Hint Answer % Correct
8 Sara
94%
2 Sarah
91%
5 Samantha
81%
4 Sandra
80%
1 Susan
78%
22 Sally
74%
7 Sophia
72%
27 Sophie
72%
3 Stephanie
66%
23 Stella
65%
6 Sharon
62%
16 Sofia
62%
36 Sandy
58%
42 Serena
56%
26 Sadie
53%
39 Selena
53%
77 Susanna
52%
15 Suzanne
51%
21 Sylvia
51%
20 Sabrina
48%
11 Sheila
48%
51 Susie
47%
28 Sue
44%
10 Shannon
43%
31 Shelly
43%
48 Sienna
42%
45 Sasha
41%
50 Savanna
41%
91 Sunny
41%
60 Simone
40%
17 Stacy
40%
29 Summer
39%
18 Stacey
37%
25 Sierra
36%
13 Savannah
35%
73 Scarlet
35%
72 Selina
35%
14 Sydney
35%
37 Sonya
34%
68 Susanne
34%
9 Shirley
31%
38 Sonia
31%
12 Sherry
30%
71 Silvia
30%
83 Sallie
28%
24 Scarlett
28%
52 Shawn
28%
53 Shayla
26%
47 Stefanie
26%
58 Shauna
25%
66 Samara
24%
19 Shelby
24%
35 Shelley
24%
34 Sheryl
24%
81 Skyla
24%
63 Sidney
23%
62 Skye
23%
59 Sage
22%
97 Salma
22%
55 Shana
22%
41 Shawna
22%
40 Sheri
22%
70 Susana
22%
96 Sade
20%
79 Stevie
20%
33 Serenity
19%
64 Sheena
19%
32 Sherri
19%
30 Skylar
19%
67 Sloane
19%
74 Sawyer
18%
61 Staci
18%
46 Shari
17%
88 Shea
17%
57 Skyler
17%
49 Sonja
17%
76 Shania
16%
69 Sondra
16%
44 Stacie
16%
80 Stephany
16%
75 Shayna
15%
84 Shiloh
15%
93 Siena
15%
65 Sarai
13%
98 Savanah
13%
78 Suzette
13%
89 Saylor
10%
56 Shanna
10%
54 Sherrie
10%
95 Sharlene
9%
100 Sutton
9%
85 Selah
8%
92 Saige
6%
90 Shaina
6%
86 Sharron
5%
82 Saundra
4%
43 Shelia
3%
87 Sheree
3%
99 Shanice
2%
94 Shantel
2%
No matching quizzes found
Score Distribution
Percent of People with Each Score
Percentile by Number Answered
Your Score History
You have not taken this quiz